000 00341nam a2200121Ia 4500
008 230107s9999||||xx |||||||||||||| ||und||
040 _cChuka University Library
050 _aBSL HD 8072.5
_bF67 2006
100 _aFossum, John A.
245 0 _aLabor relations:development structure process
260 _aMcGrawhill
_bBoston
_c2006
942 _cBK
999 _c8021
_d8021